Target and cost-reimbursable construction contracts, Part C: preparation of contract conditions (relating to the ICE Conditions (Record no. 86657)

MARC details
000 -LEADER
fixed length control field 00623cam a2200217 4500
001 - CONTROL NUMBER
control field D7835
008 - FIXED-LENGTH DATA ELEMENTS--GENERAL INFORMATION
fixed length control field 090401t1982 xxu||||| |||| 00| 0 eng d
035 ## - SYSTEM CONTROL NUMBER
System control number (Sirsi) u9736
041 ## - LANGUAGE CODE
Language code of text/sound track or separate title eng
050 ## - LIBRARY OF CONGRESS CALL NUMBER
Classification number 692.8
100 ## - MAIN ENTRY--PERSONAL NAME
Personal name Perry, J.G.
245 ## - TITLE STATEMENT
Title Target and cost-reimbursable construction contracts, Part C: preparation of contract conditions (relating to the ICE Conditions
260 ## - PUBLICATION, DISTRIBUTION, ETC.
Place of publication, distribution, etc. London
Name of publisher, distributor, etc. Construction Industry Research and Infor
Date of publication, distribution, etc. 1982
300 ## - PHYSICAL DESCRIPTION
Extent 42p. 30cm
350 ## - PRICE (NR) (BK AM CF MU VM SE) [OBSOLETE]
Price 24
490 ## - SERIES STATEMENT
Series statement Report
Volume/sequential designation 85 Part C
700 ## - ADDED ENTRY--PERSONAL NAME
Personal name Thompson, P.A.
700 ## - ADDED ENTRY--PERSONAL NAME
Personal name Wright, M.
942 ## - ADDED ENTRY ELEMENTS (KOHA)
Suppress in OPAC 0
948 ## - LOCAL PROCESSING INFORMATION (OCLC); SERIES PART DESIGNATOR (RLIN)
c (OCLC) 04/03/1997
Holdings
Withdrawn status Lost status Source of classification or shelving scheme Damaged status Not for loan Home library Current library Shelving location Date acquired Total Checkouts Full call number Barcode Date last seen Copy number Price effective from Koha item type
    Dewey Decimal Classification     London London Folio 27/08/2009   F692.8 30047399 06/08/2019 3 06/08/2019 Book